<?xml version="1.0" encoding="UTF-8"?>
<record
    xmlns:xsi="http://www.w3.org/2001/XMLSchema-instance"
    xsi:schemaLocation="http://www.loc.gov/MARC21/slim http://www.loc.gov/standards/marcxml/schema/MARC21slim.xsd"
    xmlns="http://www.loc.gov/MARC21/slim">

  <leader>01767nam0a2200397   4500</leader>
  <controlfield tag="001">RU\NLR\BIBL_A\022629868</controlfield>
  <controlfield tag="005">20260206171555.0</controlfield>
  <datafield tag="010" ind1=" " ind2=" ">
    <subfield code="a">978-5-00269-003-9</subfield>
    <subfield code="9">150</subfield>
  </datafield>
  <datafield tag="021" ind1=" " ind2=" ">
    <subfield code="a">RU</subfield>
    <subfield code="b">&#x41A;&#x41D;-&#x41F;-25-047704</subfield>
    <subfield code="9">&#x41A;&#x41D;-&#x41F;-25-4628</subfield>
  </datafield>
  <datafield tag="035" ind1=" " ind2=" ">
    <subfield code="a">(NLR Aleph) 022629868</subfield>
  </datafield>
  <datafield tag="090" ind1=" " ind2=" ">
    <subfield code="a">13547107</subfield>
    <subfield code="c">13547107</subfield>
  </datafield>
  <datafield tag="100" ind1=" " ind2=" ">
    <subfield code="a">20250924d2025    k  y0rusy50      ca</subfield>
  </datafield>
  <datafield tag="101" ind1="1" ind2=" ">
    <subfield code="a">rus</subfield>
    <subfield code="c">dut</subfield>
    <subfield code="c">fre</subfield>
  </datafield>
  <datafield tag="102" ind1=" " ind2=" ">
    <subfield code="a">RU</subfield>
  </datafield>
  <datafield tag="105" ind1=" " ind2=" ">
    <subfield code="a">ac  z   000zy</subfield>
  </datafield>
  <datafield tag="181" ind1=" " ind2="0">
    <subfield code="a">i3</subfield>
    <subfield code="b">axxe  </subfield>
  </datafield>
  <datafield tag="182" ind1=" " ind2="0">
    <subfield code="a">n</subfield>
  </datafield>
  <datafield tag="200" ind1="1" ind2=" ">
    <subfield code="a">&#x417;&#x43B;&#x43E;&#x439; &#x43C;&#x438;&#x440; &#x438; &#x43F;&#x43B;&#x44F;&#x441;&#x43A;&#x430; &#x441;&#x43C;&#x435;&#x440;&#x442;&#x438;</subfield>
    <subfield code="e">&#x43E;&#x441;&#x43E;&#x431;&#x435;&#x43D;&#x43D;&#x43E;&#x441;&#x442;&#x438; &#x441;&#x440;&#x435;&#x434;&#x43D;&#x435;&#x432;&#x435;&#x43A;&#x43E;&#x432;&#x43E;&#x433;&#x43E; &#x43C;&#x44B;&#x448;&#x43B;&#x435;&#x43D;&#x438;&#x44F;</subfield>
    <subfield code="f">&#x419;&#x43E;&#x445;&#x430;&#x43D; &#x425;&#x435;&#x439;&#x437;&#x438;&#x43D;&#x433;&#x430;, &#x410;&#x43B;&#x435;&#x43D; &#x41B;&#x438;&#x431;&#x435;&#x440;&#x430;</subfield>
    <subfield code="g">&#x43F;&#x435;&#x440;. &#x441; &#x43D;&#x438;&#x434;.: &#x414;. &#x412;. &#x421;&#x438;&#x43B;&#x44C;&#x432;&#x435;&#x441;&#x442;&#x440;&#x43E;&#x432;</subfield>
    <subfield code="g">&#x43F;&#x435;&#x440;. &#x441; &#x444;&#x440;.: &#x410;. &#x41C;. &#x420;&#x443;&#x442;&#x43A;&#x435;&#x432;&#x438;&#x447;, &#x41E;. &#x412;. &#x413;&#x43E;&#x43B;&#x43E;&#x432;&#x430;&#x44F;</subfield>
  </datafield>
  <datafield tag="203" ind1=" " ind2=" ">
    <subfield code="a">&#x422;&#x435;&#x43A;&#x441;&#x442;</subfield>
    <subfield code="b">&#x432;&#x438;&#x437;&#x443;&#x430;&#x43B;&#x44C;&#x43D;&#x44B;&#x439;</subfield>
    <subfield code="c">&#x43D;&#x435;&#x43F;&#x43E;&#x441;&#x440;&#x435;&#x434;&#x441;&#x442;&#x432;&#x435;&#x43D;&#x43D;&#x44B;&#x439;</subfield>
  </datafield>
  <datafield tag="210" ind1=" " ind2=" ">
    <subfield code="a">&#x41C;&#x43E;&#x441;&#x43A;&#x432;&#x430;</subfield>
    <subfield code="c">&#x420;&#x43E;&#x434;&#x438;&#x43D;&#x430;</subfield>
    <subfield code="d">2025</subfield>
  </datafield>
  <datafield tag="215" ind1=" " ind2=" ">
    <subfield code="a">222, [1] &#x441;.</subfield>
    <subfield code="c">&#x438;&#x43B;., &#x43F;&#x43E;&#x440;&#x442;&#x440;.</subfield>
    <subfield code="d">21</subfield>
  </datafield>
  <datafield tag="225" ind1="1" ind2=" ">
    <subfield code="a">&#x421;&#x438;&#x43B;&#x430; &#x43C;&#x44B;&#x441;&#x43B;&#x438;</subfield>
  </datafield>
  <datafield tag="320" ind1=" " ind2=" ">
    <subfield code="a">&#x411;&#x438;&#x431;&#x43B;&#x438;&#x43E;&#x433;&#x440;. &#x432; &#x442;&#x435;&#x43A;&#x441;&#x442;&#x435;</subfield>
  </datafield>
  <datafield tag="333" ind1=" " ind2=" ">
    <subfield code="a">16+</subfield>
  </datafield>
  <datafield tag="606" ind1="1" ind2=" ">
    <subfield code="a">&#x41C;&#x438;&#x440;&#x43E;&#x432;&#x43E;&#x437;&#x437;&#x440;&#x435;&#x43D;&#x438;&#x435; &#x441;&#x440;&#x435;&#x434;&#x43D;&#x435;&#x432;&#x435;&#x43A;&#x43E;&#x432;&#x43E;&#x435;</subfield>
    <subfield code="2">nlr_sh1</subfield>
    <subfield code="2">nlr_sh2</subfield>
    <subfield code="3">RU\NLR\AUTH\661395695</subfield>
  </datafield>
  <datafield tag="606" ind1="1" ind2=" ">
    <subfield code="a">&#x424;&#x438;&#x43B;&#x43E;&#x441;&#x43E;&#x444;&#x438;&#x44F; &#x43D;&#x438;&#x434;&#x435;&#x440;&#x43B;&#x430;&#x43D;&#x434;&#x441;&#x43A;&#x430;&#x44F;</subfield>
    <subfield code="z">19 - 20 &#x432;&#x432;.</subfield>
    <subfield code="2">nlr_sh1</subfield>
    <subfield code="2">nlr_sh2</subfield>
    <subfield code="3">RU\NLR\AUTH\661128268</subfield>
  </datafield>
  <datafield tag="606" ind1="1" ind2=" ">
    <subfield code="a">&#x411;&#x44B;&#x442; &#x438; &#x43D;&#x440;&#x430;&#x432;&#x44B;</subfield>
    <subfield code="x">&#x418;&#x441;&#x442;&#x43E;&#x440;&#x438;&#x44F;</subfield>
    <subfield code="z">&#x421;&#x440;&#x435;&#x434;&#x43D;&#x438;&#x435; &#x432;&#x435;&#x43A;&#x430;</subfield>
    <subfield code="2">nlr_sh1</subfield>
    <subfield code="2">nlr_sh2</subfield>
    <subfield code="3">RU\NLR\AUTH\661323777</subfield>
  </datafield>
  <datafield tag="686" ind1="1" ind2=" ">
    <subfield code="a">&#x42E;3(0)41</subfield>
  </datafield>
  <datafield tag="686" ind1="1" ind2=" ">
    <subfield code="a">&#x42E;3(4&#x41D;)6-638</subfield>
  </datafield>
  <datafield tag="686" ind1="1" ind2=" ">
    <subfield code="a">&#x422;3(0)4-75</subfield>
  </datafield>
  <datafield tag="700" ind1=" " ind2="1">
    <subfield code="a">&#x425;&#x435;&#x439;&#x437;&#x438;&#x43D;&#x433;&#x430;</subfield>
    <subfield code="b">&#x419;.</subfield>
    <subfield code="f">1872-1945</subfield>
    <subfield code="g">&#x419;&#x43E;&#x445;&#x430;&#x43D;</subfield>
    <subfield code="3">RU\NLR\AUTH\7721850</subfield>
  </datafield>
  <datafield tag="701" ind1=" " ind2="1">
    <subfield code="a">&#x41B;&#x438;&#x431;&#x435;&#x440;&#x430;</subfield>
    <subfield code="b">&#x410;. &#x434;&#x435;</subfield>
    <subfield code="f">1948-</subfield>
    <subfield code="g">&#x410;&#x43B;&#x435;&#x43D; &#x434;&#x435;</subfield>
    <subfield code="3">RU\NLR\AUTH\7719716</subfield>
  </datafield>
  <datafield tag="942" ind1=" " ind2=" ">
    <subfield code="c">BOOK</subfield>
  </datafield>
  <datafield tag="980" ind1=" " ind2=" ">
    <subfield code="a">NB</subfield>
  </datafield>
</record>
